书目信息 |
| 题名: |
自动识别技术基础
|
|
| 作者: | 刘平 主编 | |
| 分册: | ||
| 出版信息: | 北京 清华大学出版社 2013 |
|
| 页数: | 240页 | |
| 开本: | 26cm | |
| 丛书名: | ||
| 单 册: | ||
| 中图分类: | TP391.4 | |
| 科图分类: | ||
| 主题词: | 自动识别--职业大学--教材 , 自动识别 | |
| 电子资源: | ||
| ISBN: | 978-7-302-33526-9 | |
| 000 | 00768nam0 2200241 450 | |
| 001 | 139030 | |
| 005 | 20140903093655.79 | |
| 010 | @a978-7-302-33526-9@dCNY 32.00 | |
| 100 | @a20131204d2013 em y0chiy50 ea | |
| 101 | 0 | @achi |
| 102 | @aCN@b110000 | |
| 105 | @aa z 000yy | |
| 200 | 1 | @a自动识别技术基础@Azi dong shi bie ji shu ji chu@b专著@f刘平主编 |
| 210 | @a北京@c清华大学出版社@d2013 | |
| 215 | @a240页@c图@d26cm | |
| 300 | @a普通高等职业院校教材 | |
| 330 | @a本书内容包括:绪论、条码识别技术、射频识别技术、卡类识别技术、图像识别技术、生物特征识别技术等。 | |
| 606 | 0 | @a自动识别@x职业大学@j教材 |
| 606 | 0 | @a自动识别 |
| 690 | @aTP391.4@v5 | |
| 701 | 0 | @a刘平@Aliu ping@f(1966.10 )@4主编 |
| 801 | 0 | @aCN@bZL@c20140903 |
| 905 | @a241430@dTP391.4@eL652 | |
| 自动识别技术基础/刘平主编.-北京:清华大学出版社,2013 |
| 240页:图;26cm |
| 普通高等职业院校教材 |
| ISBN 978-7-302-33526-9:CNY 32.00 |
| 本书内容包括:绪论、条码识别技术、射频识别技术、卡类识别技术、图像识别技术、生物特征识别技术等。 |
| ● |
| 相关链接 |
|
|
|
正题名:自动识别技术基础
索取号:TP391.4/L652
 
预约/预借
| 序号 | 登录号 | 条形码 | 馆藏地/架位号 | 状态 | 备注 |
| 1 | 0828422 | 208284220 | 自科二线404/301自科库 91排1列3层/ [索取号:TP391.4/L652] | 在馆 | |
| 2 | 0828423 | 208284239 | 自科库301/301自科库 65排4列4层/ [索取号:TP391.4/L652] | 在馆 | |
| 3 | 0828424 | 208284248 | 自科库301/301自科库 65排4列4层/ [索取号:TP391.4/L652] | 在馆 |